Statistics for 30 Spanish/Portuguese Musical Acts by Songs

Click here to take the quiz!

General Stats

  • This quiz has been taken 47 times
  • The average score is 6 of 31

Answer Stats

SongsArtist/Band% Correct
Bailando, Subeme La Radio, HeroEnrique Iglesias
87%
The Ketchup Song (Aserejé), Kusha Las Payas, Un BlodymaryLas Ketchup
59%
Con Altura, Malamente, Pienso en tu miráRosalía
51%
Macarena, Sevilla tiene un color especial, Se te nota en la miradaLos del Río
49%
Yes Sir, I Can Boogie, Sorry, I’m A Lady, The Devil Sent You To LoradoBaccara
33%
Hijo de la luna, Me cuesta tanto olvidarte, Cruz de navajasMecano
33%
Amiga mia, Corazón partío, No me comparesAlejandro Sanz
31%
Blanco y Negro, Ahora Tu, No voy a cambiarMalú
26%
Bailando por ahi, Mal de Amores, He Llorado (Como Un Niño)Juan Magán
23%
Dígale, A Partir De Hoy, Me Enamoré De TiDavid Bisbal
21%
La vereda de la puerta de atrás, So payaso, SalirExtremoduro
21%
Ya no quiero ná, Santería, FuerteLola Índigo
21%
Entre dos Tierras, Maldito duende, Nuestros nombresHéroes del Silencio
18%
Me llamas, Y cómo es él, Un Velero Llamado LibertadJosé Luis Perales
18%
Coincidir, Moving, VolarMacaco
15%
Amar Pelos Dois, Nem eu, Excuse MeSalvador Sobral
15%
Serenade, Let Me Out, DJDover
10%
Heaven, Shut Up And Kiss Me, The Boys Of SummerDJ Sammy
8%
Loca People, Trumpets, TocameSak Noel
8%
A Vida Toda, Avião De Papel, MountainsCarolina Deslandes
5%
Fado português, Uma casa portuguesa, Estranha forma de vidaAmália Rodrigues
3%
Kalemba (Wegue Wegue), Hangover (BaBaBa), Sound of KuduroBuraka Som Sistema
3%
Paraíso, Tu E Eu, DialetoDiogo Piçarra
3%
Por la noche, Tengo un trato, Quien MandaMala Rodríguez
3%
Ouvi Dizer, Chaga, Dia MauOrnatos Violeta
3%
The Majestic Of Gaia, Prison Skin, Mind As UniversePersefone
3%
Sendo assim, Poetas de Karaoke, 16-12-95Sam the Kid
3%
A Minha Casinha, Homem do Leme, ContentoresXutos & Pontapés
3%
End Of The Night, Keep It Goin, VoltageDanny Ávila
0%
Opium, Alma Mater, VampiriaMoonspell
0%
Não Preciso, Pensa Bem, #Tiponada​Tay
0%

Score Distribution

Percentile by Number Answered

Percent of People with Each Score

Your Score History

You have not taken this quiz